000
00315nam a2200133Ia 4500
008
230312s9999||||xx |||||||||||||| ||und||
082
_a
891.4
_b
AGH-F
100
_a
Dr.agha hussain hamadani
245
0
_a
Fatima Jinnah
260
_b
National book
_a
pak
_c
2003
300
_a
166
650
_a
Literature
942
_c
BK
999
_c
13482
_d
13482